A novel obsession / Caitlin Barasch.
Available copies
- 3 of 3 copies available at LARL/NWRL Consortium.
- 2 of 2 copies available at Lake Agassiz Regional Library. (Show preferred library)
Current holds
0 current holds with 3 total copies.
Show Only Available Copies
| Location | Call Number / Copy Notes | Barcode | Shelving Location | Status | Due Date |
|---|---|---|---|---|---|
| Moorhead Public Library | BAR (Text) | 33500013542808 | Main | Available | - |
| Moorhead Public Library | BAR (Text) | 33500013542816 | Main | Available | - |
| Godel Memorial-Warren Library | BAR (Text) | 35500006562001 | Main | Available | - |
Record details
- ISBN: 9780593185575
- ISBN: 0593185579
- ISBN: 9780593185599
- ISBN: 0593185595
- Physical Description: 325 pages ; 21 cm
- Publisher: [New York] : Dutton, [2022]
Content descriptions
| Summary, etc.: | "Twenty-four-year-old bookseller and Manhattanite ... Read More |
Search for related items by subject
| Subject: | Authorship > Fiction. Man-woman relationships > Fiction. New York (N.Y.) > Fiction. |
| Genre: | Novels. |
| LDR | 02881nam a2200361Ii 4500 | ||
|---|---|---|---|
| 001 | 385693 | ||
| 003 | LARL_NWRL_CONSORTIUM | ||
| 005 | 20220303173804.0 | ||
| 008 | 220228s2022 nyu 000 1 eng | ||
| 010 | . | ‡a 2021013418 | |
| 040 | . | ‡aBLP ‡beng ‡erda ‡cBLP ‡dBLP | |
| 020 | . | ‡a9780593185575 ‡q(hardcover) | |
| 020 | . | ‡a0593185579 ‡q(hardcover) | |
| 020 | . | ‡a9780593185599 ‡q(trade paperback) | |
| 020 | . | ‡a0593185595 ‡q(trade paperback) | |
| 035 | . | ‡a(OCoLC)1243031230 ‡z(OCoLC)1300215768 | |
| 043 | . | ‡an-us-ny | |
| 082 | 0 | 0. | ‡a813/.6 ‡223 |
| 100 | 1 | . | ‡aBarasch, Caitlin, ‡eauthor. |
| 245 | 1 | 2. | ‡aA novel obsession / ‡cCaitlin Barasch. |
| 264 | 1. | ‡a[New York] : ‡bDutton, ‡c[2022] | |
| 300 | . | ‡a325 pages ; ‡c21 cm | |
| 336 | . | ‡atext ‡btxt ‡2rdacontent | |
| 337 | . | ‡aunmediated ‡bn ‡2rdamedia | |
| 338 | . | ‡avolume ‡bnc ‡2rdacarrier | |
| 520 | . | ‡a"Twenty-four-year-old bookseller and Manhattanite Naomi Ackerman is determined to write a novel-to prove the believers right and the disbelievers wrong (though she finds herself falling into both camps, depending on the day). When, after years of disastrous Tinder dates, she meets Caleb-a perfectly nice guy with a Welsh accent, a non-pretentious job, and a unique patience for all of her quirks-she feels she's finally found something to write about: the newness of love. But then, Rosemary enters the scene. When Naomi learns that Rosemary, Caleb's ex-girlfriend, is not safely tucked away overseas as she'd assumed but in fact lives in New York and works in the literary world, she is fundamentally threatened and intrigued in equal measure-if they both fell for the same man, they must have something essential in common, right? And is Rosemary the jilted ex who led Caleb to his true match, Naomi, or is it Naomi who is simply a bump in the road before Caleb and Rosemary find their way back together? Naomi is determined to find out how their stories intertwine... She is a writer after all. But when Naomi's casual Instagram stalking morphs into a full-blown friendship under false pretenses, she can't seem to get herself to quit Rosemary, in whom she finds an unexpected confidant-and she can't stop writing about her either, now having found the real perfect subject for her nascent novel. As things spiral out of her control, and fact and fiction become increasingly hard to separate, Naomi manipulates the most important people in her life in pursuit of her craft-her family, her friends, Caleb, Rosemary, and, perhaps most devastatingly, herself-until she's finally forced to decide who and what she's willing to sacrifice to write them all the perfect ending"-- ‡cProvided by publisher. | |
| 650 | 0. | ‡aAuthorship ‡vFiction. ‡0(LARL_NWRL_CONSORTIUM)169026 | |
| 650 | 0. | ‡aMan-woman relationships ‡vFiction. ‡0(LARL_NWRL_CONSORTIUM)165985 | |
| 651 | 0. | ‡aNew York (N.Y.) ‡vFiction. ‡0(LARL_NWRL_CONSORTIUM)166410 | |
| 655 | 7. | ‡aNovels. ‡2lcgft | |
| 901 | . | ‡a385693 ‡bOCoLC ‡c385693 ‡tbiblio ‡soclc | |

Add to basket
Permalink
Disable Highlighting